000 00301nam a22001337a 4500
008 170602b xxu||||| |||| 00| 0 eng d
020 _a394311132
041 _aeng
080 _a93
100 _a17
101 _aSHH
245 _aGREAT ISSUES IN WESTERN CIVILIZATION
_cTIERNEY, B
942 _2udc
_cBK
999 _c15632
_d15632